000 00869nam a2200289Ia 4500
005 20260324115741.0
008 008 260324s9999 xx 000 0 eng d
020 _a9781315616995
037 _aEBOOK
040 _aCRL
040 _beng
040 _cCRL
041 _2eng
041 _aeng
084 _qCRL
100 _aKoen Van Balen; Els Verstrynge
_91155868
245 0 _aStructural Analysis of Historical Constructions: Anamnesis, Diagnosis, Therapy, Controls
245 0 _bProceedings of the 10th International Conference on Structural Analysis of Historical Constructions (SAHC, Leuven, Belgium, 13-15 September 2016)
260 _bTaylor and Francis
260 _c2016
365 _a
365 _b760
856 _uhttp://www.taylorfrancis.com/books/9781315616995
942 _cEBOOK
999 _c1746970
_d1746970